Integrální počet 2/2 Sbírka příkladů z určitého integrálu /

Salvato in:
Dettagli Bibliografici
Autore principale: Cézová, Eliška
Natura: Libro
Lingua:slovacco
Pubblicazione: 1. vyd. Sefira 2025
Tags: Aggiungi Tag
Nessun Tag, puoi essere il primo ad aggiungerne!!

MARC

LEADER 00000nam a22000003a 4500
001 0118025
003 SK-STU
005 20251106110240.0
007 ta
008 251106s ----xo-----e------000-0-----d
020 |a 978-80-01-07396-4 
040 |a STU  |b slo 
041 0 |a slo 
100 1 |a Cézová, Eliška 
245 1 0 |a Integrální počet 2/2  |b Sbírka příkladů z určitého integrálu /  |c Eliška Cézová 
260 |a 1. vyd.  |b Sefira  |c 2025 
300 |a 148 s. 
996 |b 284J047910  |c J* 119681  |l JJSK  |s A  |a 24  |w 0118025_0001